2016 UEFA European Championship Cities - Statistics

General Stats
  • This quiz has been taken 20 times
  • The average score is 8 of 10
Answer Stats
Picture Answer % Correct
Paris
100%
Lyon (Décines-Charpieu)
95%
Marseille
95%
Nice
95%
Toulouse
85%
Bordeaux
80%
Lille (Villeneuve-d'Ascq)
75%
Saint-Étienne
65%
Saint-Denis
55%
Lens
45%
No matching quizzes found
Score Distribution
Percent of People with Each Score
Percentile by Number Answered
Your Score History
You have not taken this quiz